[Event "DVM U14 2015"]
[Site "Verden/Aller GER"]
[Date "2015.12.27"]
[Round "2"]
[White "Binner, Jule"]
[Black "Richardt, Josia"]
[Result "1-0"]
[Termination "normal"]
[Board "6.4"]
[WhiteElo "1393"]
[BlackElo "1246"]
[WhiteTeam "Spvgg 1946 Stetten"]
[BlackTeam "SC Erlangen 48/88"]
[PlyCount "117"]
[WhiteFideId "16205332"]
[BlackFideId "16217594"]
[EventCountry "GER"]
[EventRounds "7"]
[EventType "team-swiss"]
[EventDate "2015.12.26"]

1. e4 e5 2. f4 exf4 3. Nf3 d5 4. exd5 Nf6 5. Bb5+ c6 6. dxc6 Nxc6 7. d4 Bd6 8.
O-O O-O 9. c4 Bg4 10. Bxc6 bxc6 11. Nc3 Re8 12. h3 Bh5 13. Bd2 Rb8 14. b3 Qd7
15. Qc1 Qc7 16. Kh1 Re6 17. Ng5 Ree8 18. c5 Be7 19. Bxf4 Qc8 20. Bxb8 Qxb8 21.
Nce4 Qb4 22. Nxf6+ Bxf6 23. Re1 Rxe1+ 24. Qxe1 h6 25. Ne4 Qxd4 26. Nxf6+ Qxf6
27. Qf1 Qd4 28. Qc1 Bg6 29. a3 Qd5 30. Qb2 Qxc5 31. Rc1 Qf5 32. Rxc6 Qf1+ 33.
Kh2 Qf4+ 34. Kg1 Qe3+ 35. Qf2 Qxb3 36. Qxa7 Qd1+ 37. Kh2 Qe2 38. Rc8+ Kh7 39.
Qb8 Be4 40. Rh8+ Kg6 41. Qg3+ Kf6 42. Re8 Qc2 43. Qe5+ Kg6 44. Qxe4+ Qxe4 45.
Rxe4 Kf5 46. Re1 g5 47. a4 Kg6 48. a5 f5 49. a6 h5 50. a7 g4 51. hxg4 hxg4 52.
a8=Q f4 53. Qf8 g3+ 54. Kh3 f3 55. gxf3 g2 56. Kxg2 Kg5 57. Kf2 Kg6 58. Rg1+
Kh7 59. Qg7# 1-0

[Event "DVM U14 2015"]
[Site "Verden/Aller GER"]
[Date "2015.12.27"]
[Round "2"]
[White "Merx, Florian"]
[Black "Kunath, Tim"]
[Result "1/2-1/2"]
[Termination "normal"]
[Board "7.1"]
[WhiteElo "1628"]
[BlackElo "1769"]
[WhiteTeam "SV Empor Erfurt"]
[BlackTeam "TuS Coswig 1920"]
[PlyCount "42"]
[WhiteFideId "16212304"]
[BlackFideId "12985074"]
[EventCountry "GER"]
[EventRounds "7"]
[EventType "team-swiss"]
[EventDate "2015.12.26"]

1. e4 c6 2. d4 d5 3. exd5 cxd5 4. Bd3 Nc6 5. c3 Nf6 6. h3 e6 7. Nf3 Bd6 8. Nbd2
a6 9. O-O O-O 10. Re1 Qc7 11. Nf1 b5 12. Bg5 Nd7 13. Bc2 g6 14. Qd2 Re8 15.
N1h2 Bb7 16. Ng4 Bf8 17. Bh6 Be7 18. Bg5 Qd8 19. Qf4 Rf8 20. Bh6 Re8 21. Bg5
Rf8 1/2-1/2

[Event "DVM U14 2015"]
[Site "Verden/Aller GER"]
[Date "2015.12.27"]
[Round "2"]
[White "Lehne, Arwin Hugo"]
[Black "Finke, Daniel"]
[Result "1-0"]
[Termination "normal"]
[Board "7.2"]
[WhiteElo "1437"]
[BlackElo "1342"]
[WhiteTeam "TuS Coswig 1920"]
[BlackTeam "SV Empor Erfurt"]
[PlyCount "115"]
[WhiteFideId "12985090"]
[BlackFideId "16217675"]
[EventCountry "GER"]
[EventRounds "7"]
[EventType "team-swiss"]
[EventDate "2015.12.26"]

1. d4 d5 2. Nf3 e6 3. Bf4 Nf6 4. e3 Bd6 5. Bg3 Bd7 6. c4 Bxg3 7. hxg3 c6 8. Nc3
Qc7 9. Qc2 Na6 10. cxd5 cxd5 11. Bxa6 bxa6 12. Qd2 O-O 13. Rc1 Qb7 14. b3 Rac8
15. O-O Ne4 16. Nxe4 dxe4 17. Ne5 Bb5 18. Rfe1 Rcd8 19. Qa5 Rc8 20. Nc4 Qd5 21.
Qb4 Qd7 22. Rcd1 Rb8 23. Qd2 Qd5 24. Rc1 Rbc8 25. Nb2 h6 26. Rxc8 Rxc8 27. Rc1
Qd7 28. Rc3 Rc7 29. Qc1 Rxc3 30. Qxc3 Qb7 31. Nc4 Qc7 32. Qb4 Bc6 33. Qa5 Qxa5
34. Nxa5 Bd5 35. Kf1 Kf8 36. Ke2 Ke7 37. f3 f5 38. f4 h5 39. Kd2 Kd8 40. Kc3
Kc7 41. Nc4 Bxc4 42. bxc4 Kc6 43. Kb4 Kb6 44. c5+ Kc6 45. Ka5 Kb7 46. a3 g6 47.
a4 Kc7 48. Kxa6 Kc6 49. Kxa7 Kc7 50. Ka6 Kc6 51. a5 Kd5 52. Kb5 h4 53. gxh4 g5
54. hxg5 e5 55. dxe5 Ke6 56. a6 Kd5 57. a7 Ke6 58. a8=Q 1-0

[Event "DVM U14 2015"]
[Site "Verden/Aller GER"]
[Date "2015.12.27"]
[Round "2"]
[White "Lautenbach, Max"]
[Black "von Koslowski, Wilhelm"]
[Result "1/2-1/2"]
[Termination "normal"]
[Board "7.3"]
[WhiteElo "1284"]
[BlackElo "1526"]
[WhiteTeam "SV Empor Erfurt"]
[BlackTeam "TuS Coswig 1920"]
[PlyCount "108"]
[WhiteFideId "16217683"]
[BlackFideId "12985147"]
[EventCountry "GER"]
[EventRounds "7"]
[EventType "team-swiss"]
[EventDate "2015.12.26"]

1. e4 d5 2. exd5 Qxd5 3. Nc3 Qa5 4. d4 c6 5. Bd2 Bf5 6. Nf3 e6 7. Be2 Qc7 8.
O-O Nf6 9. Re1 Bd6 10. Bc4 O-O 11. a4 Nbd7 12. Bc1 Nb6 13. Bd3 Bg4 14. g3 Nbd5
15. Nxd5 cxd5 16. Be2 Rfb8 17. Ne5 Bxe5 18. dxe5 Bxe2 19. Qxe2 Ne4 20. c3 Qc5
21. Be3 Qc6 22. Bd4 a5 23. Qe3 b6 24. Rec1 Nc5 25. Bxc5 bxc5 26. b4 axb4 27.
cxb4 Rxb4 28. Rxc5 Qb7 29. Qc1 h6 30. a5 Rb5 31. Rxb5 Qxb5 32. a6 Qb8 33. Qa3
Qxe5 34. Rb1 Qc7 35. Ra1 Ra7 36. Kg2 Qb6 37. Kg1 d4 38. Qa5 Qxa5 39. Rxa5 Kf8
40. Kf1 Ke7 41. Ke2 f6 42. f4 Kd6 43. Kd3 e5 44. fxe5+ fxe5 45. Ke4 g5 46. Rxe5
Rxa6 47. Rd5+ Ke6 48. Rxd4 Ra2 49. h4 gxh4 50. gxh4 Ra3 51. Rb4 Kf6 52. Kf4 Kg6
53. Kg4 h5+ 54. Kf4 Ra6 1/2-1/2

[Event "DVM U14 2015"]
[Site "Verden/Aller GER"]
[Date "2015.12.27"]
[Round "2"]
[White "Mallon, Frederik"]
[Black "Niebur, Thorben Carl"]
[Result "1/2-1/2"]
[Termination "normal"]
[Board "7.4"]
[WhiteElo "1397"]
[BlackElo "1193"]
[WhiteTeam "TuS Coswig 1920"]
[BlackTeam "SV Empor Erfurt"]
[PlyCount "76"]
[WhiteFideId "12985104"]
[BlackFideId "16217691"]
[EventCountry "GER"]
[EventRounds "7"]
[EventType "team-swiss"]
[EventDate "2015.12.26"]

1. d4 d5 2. c4 c6 3. Nf3 Nf6 4. Bg5 Nbd7 5. e3 Ne4 6. Bf4 Qa5+ 7. Nbd2 Nxd2 8.
Qxd2 Qxd2+ 9. Nxd2 f6 10. cxd5 cxd5 11. Bb5 a6 12. Ba4 b5 13. Bb3 e6 14. a3 Nb6
15. Bc2 Bd7 16. b3 Rc8 17. Ra2 Bxa3 18. O-O b4 19. Nb1 O-O 20. Bd6 Rfe8 21.
Nxa3 bxa3 22. Bc5 Rc6 23. Rxa3 Bc8 24. Bd3 Na8 25. b4 Nc7 26. Ra5 Bb7 27. Rfa1
Ra8 28. e4 Kf7 29. exd5 exd5 30. Re1 Re6 31. Rxe6 Kxe6 32. Bxh7 f5 33. Bb6 Nb5
34. Bg6 Rh8 35. g4 Nd6 36. Bxf5+ Nxf5 37. gxf5+ Kxf5 38. Rc5 Rc8 1/2-1/2

[Event "DVM U14 2015"]
[Site "Verden/Aller GER"]
[Date "2015.12.27"]
[Round "2"]
[White "Mücka, Cedric"]
[Black "Grimm, Ling Leander"]
[Result "1/2-1/2"]
[Termination "normal"]
[Board "8.2"]
[WhiteElo "1397"]
[BlackElo "1749"]
[WhiteTeam "SG Leipzig"]
[BlackTeam "SK Bebenhausen 1992"]
[PlyCount "94"]
[WhiteFideId "16217640"]
[BlackFideId "12968277"]
[EventCountry "GER"]
[EventRounds "7"]
[EventType "team-swiss"]
[EventDate "2015.12.26"]

1. Nf3 c5 2. g3 Nc6 3. Bg2 g6 4. O-O Bg7 5. e4 Nf6 6. Nc3 d6 7. d3 O-O 8. Nh4
a6 9. f4 b5 10. e5 Ng4 11. Bxc6 Ra7 12. Bg2 dxe5 13. f5 Qd4+ 14. Kh1 Nf2+ 15.
Rxf2 Qxf2 16. Qd2 Qxd2 17. Bxd2 gxf5 18. Be3 Bb7 19. Nxf5 Bxg2+ 20. Kxg2 Rc8
21. b4 Rd7 22. Nd5 Re8 23. Nfxe7+ Rexe7 24. Nxe7+ Rxe7 25. Bxc5 Rd7 26. Re1 f5
27. Kf3 Kf7 28. g4 f4 29. Ke4 Ke6 30. Ra1 Rf7 31. c3 Bh6 32. Rf1 Bg5 33. d4 Rd7
34. a3 Bf6 35. Rf3 Rg7 36. h3 h5 37. gxh5 Rh7 38. dxe5 Bxe5 39. Bd4 Bxd4 40.
cxd4 Rxh5 41. Kxf4 Rh4+ 42. Ke3 Kd5 43. Rf5+ Ke6 44. Re5+ Kd6 45. Kd3 Rxh3+ 46.
Re3 Rh8 47. Ke4 Re8+ 1/2-1/2

[Event "DVM U14 2015"]
[Site "Verden/Aller GER"]
[Date "2015.12.27"]
[Round "2"]
[White "De Rentiis, Davide Luca"]
[Black "Wang, Ruiming"]
[Result "1-0"]
[Termination "normal"]
[Board "8.3"]
[WhiteElo "1287"]
[BlackElo "1355"]
[WhiteTeam "SK Bebenhausen 1992"]
[BlackTeam "SG Leipzig"]
[PlyCount "60"]
[WhiteFideId "12967050"]
[BlackFideId "16217659"]
[EventCountry "GER"]
[EventRounds "7"]
[EventType "team-swiss"]
[EventDate "2015.12.26"]

1. e4 c5 2. d4 cxd4 3. c3 dxc3 4. Nxc3 Nc6 5. Nf3 d6 6. Bc4 e6 7. O-O Nf6 8.
Qe2 Be7 9. Rd1 e5 10. h3 O-O 11. Be3 Be6 12. Bb5 Rc8 13. Bxc6 Rxc6 14. Nxe5 Ra6
15. Nf3 Qb8 16. Bf4 Rd8 17. Rac1 Bxa2 18. Nxa2 Rxa2 19. Ng5 h6 20. Nxf7 Rc8 21.
Rxc8+ Qxc8 22. Nxd6 Bxd6 23. Bxd6 Qc6 24. Ba3 Nxe4 25. Qe3 Nc3 26. Rd8+ Kh7 27.
Qd3+ Ne4 28. Rd6 Ra1+ 29. Kh2 Qxd6+ 30. Bxd6 Re1 1-0

[Event "DVM U14 2015"]
[Site "Verden/Aller GER"]
[Date "2015.12.27"]
[Round "2"]
[White "Liedtke, Sebastian"]
[Black "Greitmann, Niklas"]
[Result "0-1"]
[Termination "normal"]
[Board "8.4"]
[WhiteElo "1315"]
[BlackElo "1265"]
[WhiteTeam "SG Leipzig"]
[BlackTeam "SK Bebenhausen 1992"]
[PlyCount "68"]
[WhiteFideId "16217667"]
[BlackFideId "16200705"]
[EventCountry "GER"]
[EventRounds "7"]
[EventType "team-swiss"]
[EventDate "2015.12.26"]

1. e4 c5 2. f4 Nc6 3. Nc3 g6 4. Nf3 Bg7 5. Bb5 e6 6. Bxc6 bxc6 7. d3 Ne7 8. O-O
O-O 9. Qe1 Rb8 10. g4 d5 11. e5 f6 12. b3 fxe5 13. Nxe5 Bd7 14. Rf3 Nc8 15. g5
Ne7 16. Rh3 Nf5 17. Ne2 Rb7 18. Bb2 d4 19. Ng3 Ne3 20. Rc1 Bxe5 21. fxe5 Qxg5
22. Qe2 Qxe5 23. Ne4 Nf5 24. Rxh7 Bc8 25. Rh3 Nd6 26. c3 Nxe4 27. dxe4 Rbf7 28.
Qd3 dxc3 29. Bxc3 Qg5+ 30. Qg3 Qxc1+ 31. Kg2 Qc2+ 32. Kh1 Rf1+ 33. Qg1 Qxe4+
34. Rf3 Qxf3# 0-1

[Event "DVM U14 2015"]
[Site "Verden/Aller GER"]
[Date "2015.12.27"]
[Round "2"]
[White "Anders, Julian"]
[Black "Pfreundt, Mathis"]
[Result "0-1"]
[Termination "normal"]
[Board "9.1"]
[WhiteElo "1392"]
[BlackElo "1871"]
[WhiteTeam "SK Freiburg Zähringen 1887"]
[BlackTeam "Königsspringer SC 1984"]
[PlyCount "103"]
[WhiteFideId "16217748"]
[BlackFideId "12967092"]
[EventCountry "GER"]
[EventRounds "7"]
[EventType "team-swiss"]
[EventDate "2015.12.26"]

1. c4 e5 2. g3 Nc6 3. Bg2 Bc5 4. Nc3 a6 5. d3 Ba7 6. Bd2 d6 7. Nf3 f5 8. Qc2
Nf6 9. a3 Nd4 10. Nxd4 Bxd4 11. e3 Ba7 12. h3 c6 13. a4 a5 14. Ne2 h6 15. b4
axb4 16. Bxb4 Bb6 17. O-O O-O 18. Qb3 Ba5 19. Bc3 Re8 20. Rfd1 Kh8 21. d4 Bxc3
22. Qxc3 exd4 23. Nxd4 Qc7 24. Qc2 g6 25. Qb2 Kh7 26. Nxc6 Ne4 27. Nd4 Bd7 28.
Qb3 Nc5 29. Qb4 Bxa4 30. Rxa4 Rxa4 31. Nb5 Rxb4 32. Nxc7 Rd8 33. Bf1 Rb2 34.
Bd3 Kg7 35. Rb1 Rxb1+ 36. Bxb1 Kf7 37. Nd5 Ra8 38. Kg2 Ra1 39. Bc2 Ra2 40. Bd1
Ne4 41. Bb3 Rxf2+ 42. Kg1 Rb2 43. Ba4 Nxg3 44. Nf4 Ne2+ 45. Nxe2 Rxe2 46. Kf1
Rxe3 47. Kg2 Kf6 48. Bd1 Ke5 49. Kf2 Kd4 50. Be2 g5 51. Ke1 Rxe2+ 52. Kxe2 0-1

[Event "DVM U14 2015"]
[Site "Verden/Aller GER"]
[Date "2015.12.27"]
[Round "2"]
[White "Kipke, Kevin"]
[Black "Schede, John"]
[Result "1-0"]
[Termination "normal"]
[Board "9.2"]
[WhiteElo "1666"]
[BlackElo "1249"]
[WhiteTeam "Königsspringer SC 1984"]
[BlackTeam "SK Freiburg Zähringen 1887"]
[PlyCount "47"]
[WhiteFideId "12988332"]
[BlackFideId "16217756"]
[EventCountry "GER"]
[EventRounds "7"]
[EventType "team-swiss"]
[EventDate "2015.12.26"]

1. e4 Nf6 2. e5 Nd5 3. d4 d6 4. exd6 cxd6 5. c4 Nb6 6. Nc3 g6 7. Be3 Bg7 8. b3
Nc6 9. g3 O-O 10. Bg2 Bd7 11. Nge2 Qc7 12. O-O a5 13. Rc1 e6 14. Nb5 Qb8 15. d5
exd5 16. Bxb6 dxc4 17. bxc4 Bg4 18. Qd2 Be5 19. Nec3 Be6 20. Nd5 Qc8 21. Nbc7
Bxd5 22. Nxd5 Qe6 23. Nc7 Qc8 24. Nxa8 1-0

[Event "DVM U14 2015"]
[Site "Verden/Aller GER"]
[Date "2015.12.27"]
[Round "2"]
[White "Kipke, Mark"]
[Black "Schede, Wolf"]
[Result "0-1"]
[Termination "normal"]
[Board "9.4"]
[WhiteElo "1268"]
[BlackElo "1062"]
[WhiteTeam "Königsspringer SC 1984"]
[BlackTeam "SK Freiburg Zähringen 1887"]
[PlyCount "96"]
[WhiteFideId "16217616"]
[BlackFideId "16217772"]
[EventCountry "GER"]
[EventRounds "7"]
[EventType "team-swiss"]
[EventDate "2015.12.26"]

1. e4 c5 2. Nf3 Nc6 3. c3 d6 4. d4 cxd4 5. cxd4 e6 6. Nc3 Nge7 7. Bc4 d5 8.
exd5 exd5 9. Bb3 Bg4 10. Be3 g6 11. h3 Be6 12. O-O Bg7 13. Bg5 O-O 14. Ba4 Qc7
15. Re1 Nf5 16. Ne2 Qb6 17. Bxc6 bxc6 18. Qb3 Qxb3 19. axb3 f6 20. Bd2 Rfb8 21.
Ng3 Kf7 22. Bc3 Nxg3 23. fxg3 Rxb3 24. Ra6 Rb6 25. Ra4 Bd7 26. Bb4 Bf8 27. Bxf8
Kxf8 28. Ra2 Rb5 29. Rf1 Kf7 30. Ne5+ Ke7 31. Nd3 f5 32. Re1+ Kd6 33. Ra6 Rb3
34. Re3 Re8 35. Kf2 Rxe3 36. Kxe3 Rb7 37. b4 Bc8 38. Kf4 Re7 39. Ra2 Re4+ 40.
Kf3 Rxd4 41. Ke3 Re4+ 42. Kd2 a6 43. Kc3 Re3 44. Kd4 Rxg3 45. Ra5 Rxg2 46. Rc5
Rg3 47. b5 axb5 48. Nb4 Bb7 0-1

[Event "DVM U14 2015"]
[Site "Verden/Aller GER"]
[Date "2015.12.27"]
[Round "2"]
[White "Hermanns, Till"]
[Black "Bold, Andre"]
[Result "1/2-1/2"]
[Termination "normal"]
[Board "10.1"]
[WhiteElo "1586"]
[BlackElo "1981"]
[WhiteTeam "SC Landskrone"]
[BlackTeam "SC 1975 Bann"]
[PlyCount "34"]
[WhiteFideId "12972347"]
[BlackFideId "16208471"]
[EventCountry "GER"]
[EventRounds "7"]
[EventType "team-swiss"]
[EventDate "2015.12.26"]

1. d4 Nf6 2. Nf3 e6 3. c4 Bb4+ 4. Nc3 c5 5. e3 O-O 6. a3 Bxc3+ 7. bxc3 Qa5 8.
Bd2 d6 9. Bd3 Nc6 10. O-O e5 11. Bc2 e4 12. Ne1 Qa6 13. f3 exf3 14. Nxf3 Qxc4
15. Ng5 Bg4 16. Qe1 Bh5 17. Qh4 Qe2 1/2-1/2

[Event "DVM U14 2015"]
[Site "Verden/Aller GER"]
[Date "2015.12.27"]
[Round "2"]
[White "Schindler, Till"]
[Black "Lorenz, Tobias"]
[Result "1/2-1/2"]
[Termination "normal"]
[Board "10.2"]
[WhiteElo "1318"]
[BlackElo "1716"]
[WhiteTeam "SC 1975 Bann"]
[BlackTeam "SC Landskrone"]
[PlyCount "65"]
[WhiteFideId "16217705"]
[BlackFideId "12977500"]
[EventCountry "GER"]
[EventRounds "7"]
[EventType "team-swiss"]
[EventDate "2015.12.26"]

1. e4 d6 2. Nf3 Nf6 3. Nc3 g6 4. d3 Bg7 5. Be2 c5 6. O-O O-O 7. Be3 Ng4 8. Qd2
Nxe3 9. fxe3 a6 10. d4 Qb6 11. Rab1 cxd4 12. exd4 Nc6 13. Rfd1 e5 14. Nd5 Qa7
15. c3 Bg4 16. Rf1 Bxf3 17. Rxf3 exd4 18. Kh1 dxc3 19. Nxc3 Rad8 20. Rbf1 Ne5
21. R3f2 Qc5 22. Bd1 Nc4 23. Qf4 Ne3 24. Re1 Bxc3 25. bxc3 Nxd1 26. Rxd1 Qxc3
27. Rdf1 f5 28. exf5 Rxf5 29. Qh4 Rdf8 30. Rxf5 Rxf5 31. Qd8+ Kg7 32. Qe7+ Kh6
33. Qh4+ 1/2-1/2

[Event "DVM U14 2015"]
[Site "Verden/Aller GER"]
[Date "2015.12.27"]
[Round "2"]
[White "Dittenberger, Timo"]
[Black "Deppert, Smilla"]
[Result "1-0"]
[Termination "normal"]
[Board "10.3"]
[WhiteElo "1481"]
[BlackElo "1110"]
[WhiteTeam "SC Landskrone"]
[BlackTeam "SC 1975 Bann"]
[PlyCount "122"]
[WhiteFideId "12977519"]
[BlackFideId "16217713"]
[EventCountry "GER"]
[EventRounds "7"]
[EventType "team-swiss"]
[EventDate "2015.12.26"]

1. d4 Nf6 2. c4 e6 3. Nc3 d5 4. Bg5 Nbd7 5. cxd5 e5 6. Bxf6 Qxf6 7. dxe5 Nxe5
8. h3 a6 9. e4 Bd6 10. Qd2 O-O 11. f4 Nd7 12. e5 Qh4+ 13. Qf2 Qxf2+ 14. Kxf2
Bc5+ 15. Ke1 Re8 16. Nf3 Nb6 17. a3 Bd7 18. b4 Be7 19. Kf2 Rad8 20. g4 Bc8 21.
Rd1 f6 22. e6 c6 23. dxc6 Rxd1 24. Nxd1 bxc6 25. Nd4 Bb7 26. Bg2 Nd5 27. Bxd5
cxd5 28. Ne3 Rc8 29. Nef5 Bd8 30. e7 Bc7 31. Re1 Kf7 32. Ne6 Bb6+ 33. Kf1 Rb8
34. Nexg7 Bc6 35. h4 Bd7 36. h5 Bc7 37. Rc1 Rc8 38. Rc5 Bxf5 39. Nxf5 Ke6 40.
Rc6+ Kd7 41. Rxf6 Bxf4 42. Rf8 Re8 43. Ng7 Rxe7 44. Rxf4 Rxg7 45. Ke2 Ke6 46.
Kd3 Ke5 47. Ke3 Ke6 48. Kd4 h6 49. Kc5 Rc7+ 50. Kb6 Rc3 51. a4 Ke5 52. Rf5+ Ke4
53. Kxa6 d4 54. Rf7 d3 55. Rd7 Ke3 56. b5 Rb3 57. b6 d2 58. b7 Ke2 59. Ka7 d1=Q
60. Rxd1 Kxd1 61. b8=Q Rxb8 1-0

[Event "DVM U14 2015"]
[Site "Verden/Aller GER"]
[Date "2015.12.27"]
[Round "2"]
[White "Scherer, Muriel"]
[Black "Rühl, Alexander"]
[Result "1-0"]
[Termination "normal"]
[Board "10.4"]
[WhiteElo "1040"]
[BlackElo "1550"]
[WhiteTeam "SC 1975 Bann"]
[BlackTeam "SC Landskrone"]
[PlyCount "159"]
[WhiteFideId "16217730"]
[BlackFideId "16204131"]
[EventCountry "GER"]
[EventRounds "7"]
[EventType "team-swiss"]
[EventDate "2015.12.26"]

1. e4 e5 2. Nc3 Nf6 3. Nf3 Nc6 4. Bb5 Bb4 5. O-O O-O 6. d3 d6 7. Ne2 h6 8. Ng3
a6 9. Ba4 Bc5 10. c3 Bg4 11. Re1 Re8 12. Be3 Bb6 13. Bxb6 cxb6 14. h3 Be6 15.
d4 exd4 16. cxd4 Bd7 17. Bc2 Rc8 18. a3 Qc7 19. Rc1 b5 20. Bb1 Qb6 21. Qd3 Rcd8
22. e5 dxe5 23. dxe5 Be6 24. Qc2 Nd7 25. Qh7+ Kf8 26. Qh8+ Ke7 27. Qxg7 Rh8 28.
Red1 Rdg8 29. Rxd7+ Kxd7 30. Qf6 Re8 31. Rd1+ Kc8 32. Bf5 Rhg8 33. Bxe6+ fxe6
34. Ne4 Kb8 35. Qxh6 Rh8 36. Qf6 b4 37. Nfg5 bxa3 38. bxa3 Qb2 39. Nxe6 Qxe5
40. Qxe5+ Nxe5 41. N6c5 Reg8 42. Kf1 Rg7 43. Ne6 Rg6 44. Nf4 Rc6 45. g3 Rc4 46.
Nd6 Rd8 47. Nxc4 Rxd1+ 48. Ke2 Rd4 49. Nxe5 Re4+ 50. Kf3 Rxe5 51. h4 Ra5 52.
Kg2 Rxa3 53. h5 Rc3 54. g4 Rc8 55. g5 Kc7 56. g6 Kd7 57. g7 Ke7 58. h6 Rg8 59.
Ng6+ Kf7 60. h7 Kxg7 61. hxg8=Q+ Kxg8 62. Ne5 Kg7 63. Kg3 a5 64. f4 a4 65. Nd3
a3 66. Nb4 b6 67. Kg4 Kg6 68. f5+ Kf6 69. Kf4 b5 70. Ke4 Kf7 71. Ke5 Ke7 72.
f6+ Kf8 73. Ke6 Ke8 74. f7+ Kf8 75. Kf6 a2 76. Nxa2 b4 77. Nc1 b3 78. Nd3 b2
79. Nc5 b1=Q 80. Ne6# 1-0

[Event "DVM U14 2015"]
[Site "Verden/Aller GER"]
[Date "2015.12.28"]
[Round "3"]
[White "Roseneck, Jonas"]
[Black "Wiesner, Alexander"]
[Result "1-0"]
[Termination "normal"]
[Board "1.1"]
[WhiteElo "2021"]
[BlackElo "1886"]
[WhiteTeam "SG Aufbau Elbe Magdeburg"]
[BlackTeam "Karlsruher SF 1853"]
[PlyCount "77"]
[WhiteFideId "12939870"]
[BlackFideId "12943991"]
[EventCountry "GER"]
[EventRounds "7"]
[EventType "team-swiss"]
[EventDate "2015.12.26"]

1. e4 c5 2. Nf3 Nc6 3. d4 cxd4 4. Nxd4 Nf6 5. Nc3 e5 6. Ndb5 d6 7. Bg5 a6 8.
Na3 b5 9. Nd5 Be7 10. Bxf6 Bxf6 11. c3 O-O 12. Nc2 Bg5 13. a4 bxa4 14. Rxa4 a5
15. Bc4 Rb8 16. b3 Kh8 17. Nce3 f5 18. exf5 Bxf5 19. O-O Be6 20. Qe2 Qd7 21.
Ra2 Rf7 22. Rd1 Bh4 23. Qh5 Qd8 24. Bd3 g6 25. Bxg6 Rg7 26. Bc2 Rbb7 27. Ra4
Bg5 28. h4 Bxe3 29. Nxe3 Bxb3 30. Bxb3 Rxb3 31. Nf5 Rg6 32. Qf3 Qd7 33. Nxd6
Nd4 34. Qf8+ Rg8 35. Nf7+ Qxf7 36. Qxf7 Ne2+ 37. Kf1 Nxc3 38. Qf6+ Rg7 39. Rd8#
1-0

[Event "DVM U14 2015"]
[Site "Verden/Aller GER"]
[Date "2015.12.28"]
[Round "3"]
[White "Chernykh, Arkady"]
[Black "Biastoch, Bennet"]
[Result "1/2-1/2"]
[Termination "normal"]
[Board "1.2"]
[WhiteElo "1822"]
[BlackElo "2051"]
[WhiteTeam "Karlsruher SF 1853"]
[BlackTeam "SG Aufbau Elbe Magdeburg"]
[PlyCount "96"]
[WhiteFideId "12989436"]
[BlackFideId "12939889"]
[EventCountry "GER"]
[EventRounds "7"]
[EventType "team-swiss"]
[EventDate "2015.12.26"]

1. e4 c5 2. Nf3 Nf6 3. Nc3 d5 4. exd5 Nxd5 5. Bb5+ Nc6 6. d4 Nxc3 7. bxc3 a6 8.
Bxc6+ bxc6 9. Ne5 Qd5 10. O-O g6 11. c4 Qe6 12. Bb2 Bg7 13. Re1 O-O 14. d5 cxd5
15. cxd5 Qf5 16. Nc6 Qg5 17. Nxe7+ Kh8 18. Bxg7+ Kxg7 19. Nxc8 Raxc8 20. Qd3 c4
21. Qd4+ Qf6 22. Rad1 Rfd8 23. f3 c3 24. a4 Rd6 25. Re4 Rcd8 26. Qxf6+ Kxf6 27.
Red4 Rc8 28. Kf2 Rc5 29. Ke3 Ke7 30. g4 f5 31. h3 Kf6 32. f4 h6 33. R1d3 Kf7
34. Rb4 fxg4 35. hxg4 Rcxd5 36. Rxd5 Rxd5 37. Rc4 Ra5 38. Kd3 h5 39. gxh5 gxh5
40. Kxc3 h4 41. f5 h3 42. Rh4 Rxf5 43. Rxh3 Rf6 44. Kb4 Ke7 45. Ka5 Kd7 46.
Rh7+ Kc8 47. Ra7 Rc6 48. Rxa6 Rxc2 1/2-1/2

[Event "DVM U14 2015"]
[Site "Verden/Aller GER"]
[Date "2015.12.28"]
[Round "3"]
[White "Wagner, Benjamin"]
[Black "Koll, Lukas"]
[Result "1/2-1/2"]
[Termination "normal"]
[Board "1.3"]
[WhiteElo "1829"]
[BlackElo "1633"]
[WhiteTeam "SG Aufbau Elbe Magdeburg"]
[BlackTeam "Karlsruher SF 1853"]
[PlyCount "123"]
[WhiteFideId "12957330"]
[BlackFideId "12969737"]
[EventCountry "GER"]
[EventRounds "7"]
[EventType "team-swiss"]
[EventDate "2015.12.26"]

1. e4 c6 2. d4 d5 3. exd5 cxd5 4. c4 Nf6 5. Nc3 Nc6 6. Nf3 e6 7. cxd5 Nxd5 8.
Bd3 Bb4 9. Bd2 O-O 10. O-O Nce7 11. Qe1 Bd6 12. Qe4 Nf6 13. Qh4 Nf5 14. Bxf5
exf5 15. Bg5 Be7 16. Rad1 h6 17. Bc1 Ne4 18. Qf4 Nxc3 19. bxc3 Be6 20. d5 Bd6
21. Qd4 Bd7 22. Bf4 Bxf4 23. Qxf4 Rc8 24. Qd4 Qa5 25. Qb4 Qxb4 26. cxb4 Rc2 27.
Rd2 Rxd2 28. Nxd2 Rc8 29. Nb3 b6 30. d6 Rc2 31. Rc1 Rxc1+ 32. Nxc1 f6 33. Nb3
Kf7 34. f4 Ke6 35. Kf2 Kxd6 36. Ke3 Kd5 37. Nd2 Bb5 38. g3 Ba6 39. a4 Bc4 40.
Nb1 Bb3 41. Kd3 a5 42. Nc3+ Kc6 43. bxa5 bxa5 44. Kd4 g6 45. h3 g5 46. h4 gxh4
47. gxh4 h5 48. Ne2 Bxa4 49. Ng3 Bd1 50. Nxf5 a4 51. Kc3 Kd5 52. Ne3+ Ke4 53.
Nxd1 Kxf4 54. Kb4 Kg4 55. Kxa4 Kxh4 56. Kb4 Kg3 57. Kc3 f5 58. Kd2 Kf3 59. Ke1
h4 60. Kf1 h3 61. Nf2 h2 62. Nh1 1/2-1/2

[Event "DVM U14 2015"]
[Site "Verden/Aller GER"]
[Date "2015.12.28"]
[Round "3"]
[White "Fidlin, Simon"]
[Black "Cejda, Cecilia"]
[Result "0-1"]
[Termination "normal"]
[Board "1.4"]
[WhiteElo "1450"]
[BlackElo "1600"]
[WhiteTeam "Karlsruher SF 1853"]
[BlackTeam "SG Aufbau Elbe Magdeburg"]
[PlyCount "84"]
[WhiteFideId "16217535"]
[BlackFideId "12921122"]
[EventCountry "GER"]
[EventRounds "7"]
[EventType "team-swiss"]
[EventDate "2015.12.26"]

1. e4 c5 2. Nf3 e6 3. d4 cxd4 4. Nxd4 Nf6 5. Nc3 Nc6 6. Be3 Bb4 7. Bd3 e5 8.
Nde2 d6 9. O-O O-O 10. Bg5 h6 11. Bh4 g5 12. Bg3 h5 13. f3 Bc5+ 14. Bf2 Bxf2+
15. Rxf2 g4 16. Qd2 Nh7 17. f4 Qf6 18. Nd5 Qh6 19. Qc1 Kg7 20. Qf1 f6 21. Rd1
Bd7 22. a3 Rac8 23. Nc1 Kf7 24. Ne2 h4 25. g3 Rh8 26. Rd2 Ne7 27. Nxe7 Kxe7 28.
c3 Nf8 29. Rc2 Ne6 30. fxe5 dxe5 31. gxh4 Qxh4 32. Ng3 Nf4 33. Bb5 Nh3+ 34. Kh1
Nxf2+ 35. Rxf2 Qxg3 36. Bxd7 Kxd7 37. Qb5+ Kc7 38. Qc5+ Kb8 39. Qd6+ Ka8 40.
Qxf6 Qe3 41. Kg2 Qxe4+ 42. Kg1 g3 0-1

[Event "DVM U14 2015"]
[Site "Verden/Aller GER"]
[Date "2015.12.28"]
[Round "3"]
[White "Browning, Alex"]
[Black "Kopylov, Daniel"]
[Result "1/2-1/2"]
[Termination "normal"]
[Board "2.1"]
[WhiteElo "1933"]
[BlackElo "1966"]
[WhiteTeam "Märkischer Springer Halver-Schalksmühle"]
[BlackTeam "TuRa Harksheide Norderstedt"]
[PlyCount "77"]
[WhiteFideId "12984019"]
[BlackFideId "12921971"]
[EventCountry "GER"]
[EventRounds "7"]
[EventType "team-swiss"]
[EventDate "2015.12.26"]

1. e4 e6 2. d4 d5 3. Nc3 dxe4 4. Nxe4 Nd7 5. Nf3 Ngf6 6. Bg5 h6 7. Nxf6+ Nxf6
8. Bxf6 Qxf6 9. Bd3 Bd6 10. O-O O-O 11. Qe2 Rd8 12. Rad1 Rb8 13. Qe4 g6 14. Ne5
Bxe5 15. dxe5 Qg7 16. Qh4 Bd7 17. Bc4 Qf8 18. Rd2 Bc6 19. Rfd1 Rxd2 20. Rxd2
Qb4 21. c3 Qf8 22. b4 a6 23. Qf6 Re8 24. Rd3 Qe7 25. Qf4 Rd8 26. Qxh6 Rxd3 27.
Bxd3 Qd7 28. Bf1 Qd1 29. Qh4 Qa1 30. Qd8+ Kg7 31. Qf6+ Kg8 32. c4 Qd4 33. b5
axb5 34. c5 Be4 35. a4 Bd3 36. g3 Bxf1 37. Kxf1 Qd1+ 38. Kg2 Qxa4 39. Qd8+
1/2-1/2